| 000 | 00953nam a2200253 i 4500 | ||
|---|---|---|---|
| 001 | 125181 | ||
| 003 | ES-MaACL | ||
| 005 | 20240524110556.0 | ||
| 007 | t| | ||
| 008 | 070507s1932 sp ||||1| spa d | ||
| 080 | _a86-223"19" | ||
| 100 | 1 |
_aFernández del Villar, José. _949736 |
|
| 245 | 1 | 0 |
_aDon Pedro el Cruel ó Los hijos mandan _b: comedia de costumbres populares, en tres actos y en prosa / _cJosé Fernández del Villar ; dibujos de Gutiérrez Navas. |
| 260 |
_aMadrid : _bRivadeneyra, _c1932. |
||
| 300 |
_a77 p. ; _c17 cm. |
||
| 490 | 1 |
_aLa Farsa ; _v275 |
|
| 500 | _aEstrenada en el Teatro María Isabel el día 23 de noviembre de 1932. | ||
| 500 | _aCubierta de este número: Elisa Sánchez, notable actriz de carácter. | ||
| 700 | 1 |
_aGutiérrez Navas, Manuel, _d1890-1971 _961196 |
|
| 740 | 4 | _aLos hijos mandan. | |
| 830 | 0 |
_aLa Farsa ; _v275 _9185863 |
|
| 852 |
_aES-MaACL _j2230-F-5 _bR.140866 |
||
| 999 |
_c125181 _d125181 |
||